00350nam a22001217a 4500020000800000040001600008082001300024100002500037245007400062250001400136260004100150300003700191 qPB. cFIZZA ISHAQ a930bNAG a Nagle, D. Brendan. aThe Ancient World: A Social and Cultural History /c D.Brendan Nagle. aThird ED. aNew Jersey :bPrentice Hall ,c1996. a452 P. ;c1 x 7.25 x 9.25 inches